| 000 | 00616nam a2200217Ii 4500 | ||
|---|---|---|---|
| 003 | JO-AjNU | ||
| 008 | 230606s9999||||xx |||||||||||||| ||und|| | ||
| 020 | _a978-0-2005-41066-8 | ||
| 040 |
_aJO-AjNU _beng _erda _cJO-AjNU |
||
| 041 | _aeng | ||
| 050 | 1 | 4 | _aRJ499.2008 |
| 100 | 3 |
_aWebber,jo/Plotts,Cynthia, _eauthor _982 |
|
| 245 | 0 | 0 | _aEmotional and Behavioral Disorders Theory and practic |
| 250 | _a5 ed | ||
| 264 | 3 | 1 | _aBOSTON:PEARSON,2008 |
| 300 | _a460p | ||
| 336 |
_atext _btxt _2rdacontent |
||
| 337 |
_aunmediated _bn _2rdamedia |
||
| 338 |
_avolume _bnc _2rdacarrier |
||
| 650 | 4 |
_aEmotional Behavioral _983 |
|
| 999 |
_aE45 _c45 _d45 |
||